[Event "CAN-ch Elementary w"]
[Site "Toronto CAN"]
[Date "1999.03.06"]
[Round "6"]
[White "Aliev, Inara"]
[Black "Goutor, Valentina"]
[Result "0-1"]
[WhiteElo "978"]
[BlackElo "1522"]
[PlyCount "84"]
[GameId "2160767911805479"]
[EventDate "1999.03.04"]
[EventType "tourn"]
[EventRounds "7"]
[EventCountry "CAN"]
[SourceTitle "EXT 2000"]
[Source "ChessBase"]
[SourceDate "1999.11.18"]
[SourceVersion "1"]
[SourceVersionDate "1999.11.18"]
[SourceQuality "1"]

1. e4 e6 2. d4 d5 3. e5 c5 4. dxc5 Bxc5 5. Nf3 Nc6 6. Nc3 Nge7 7. Be2 O-O 8. Bf4 Qb6 9. O-O Qxb2 10. Qd2 Bb4 11. Rab1 Qxc3 12. Qxc3 Bxc3 13. Rb3 Nd4 14. Nxd4 Bxd4 15. Bd3 Ng6 16. Bd2 Nxe5 17. Re1 Ng4 18. Rb4 Bxf2+ 19. Kh1 Bxe1 20. Bxe1 b6 21. Rxg4 f5 22. Rg3 f4 23. Rg4 e5 24. Rg5 e4 25. Bc3 g6 26. Bb5 Bf5 27. Bc6 Rad8 28. Be5 h6 29. Rxf5 Rxf5 30. Bd4 Rc8 31. Bd7 Rc4 32. Bg1 Rg5 33. Be6+ Kh8 34. c3 Kh7 35. h4 Re5 36. Bf7 Rxc3 37. Bd4 Rc1+ 38. Bg1 Rh5 39. g4 Rxh4+ 40. Kg2 Rxg4+ 41. Kf2 Rgxg1 42. Ke2 Rc2# 0-1

[Event "CAN-ch Elementary w"]
[Site "Toronto CAN"]
[Date "1999.03.06"]
[Round "6"]
[White "Benggawan, Alexandra"]
[Black "Golts, Diana"]
[Result "0-1"]
[WhiteElo "1509"]
[BlackElo "1734"]
[PlyCount "106"]
[GameId "2160767911805480"]
[EventDate "1999.03.04"]
[EventType "tourn"]
[EventRounds "7"]
[EventCountry "CAN"]

1. e4 e5 2. Nf3 Nc6 3. Nc3 Bc5 4. Nxe5 Nxe5 5. d4 Bxd4 6. Qxd4 Qf6 7. Qd1 d6 8. Nd5 Qd8 9. Bf4 Ng6 10. Bg3 Nf6 11. Bd3 O-O 12. O-O Re8 13. Re1 Be6 14. Bc4 Nd7 15. Bb3 Nc5 16. Nf4 Nxf4 17. Bxf4 Bxb3 18. axb3 Nxe4 19. f3 Nc5 20. Rxe8+ Qxe8 21. Qe1 a6 22. Be3 Qe5 23. Bxc5 Qxc5+ 24. Qf2 Qxf2+ 25. Kxf2 Re8 26. c4 f6 27. b4 Re5 28. Rc1 c6 29. c5 d5 30. Rd1 Kf7 31. f4 Re4 32. Kf3 Rxb4 33. Rd2 Rc4 34. g4 Rxc5 35. g5 Rb5 36. Kg4 Rb3 37. h4 g6 38. gxf6 h5+ 39. Kg5 Rg3+ 40. Kh6 Kxf6 41. Rf2 Re3 42. Rg2 Re6 43. Rxg6+ Kf5 44. Rxe6 Kxe6 45. Kxh5 Kf6 46. Kg4 b5 47. h5 b4 48. Kf3 a5 49. b3 a4 50. bxa4 b3 51. h6 b2 52. h7 Kg7 53. f5 b1=Q 0-1

[Event "CAN-ch Elementary w"]
[Site "Toronto CAN"]
[Date "1999.03.06"]
[Round "6"]
[White "Kazakevich, Anastasia"]
[Black "Vallieres-Riendeau, Isabelle"]
[Result "1-0"]
[WhiteElo "1531"]
[BlackElo "1211"]
[PlyCount "99"]
[GameId "2160767911805481"]
[EventDate "1999.03.04"]
[EventType "tourn"]
[EventRounds "7"]
[EventCountry "CAN"]

1. d4 f5 2. c4 e6 3. Nf3 Be7 4. Nc3 d5 5. e3 c6 6. cxd5 cxd5 7. Bb5+ Nc6 8. Ne5 Bd7 9. Nxd7 Qxd7 10. O-O Nf6 11. b3 O-O 12. Bb2 a6 13. Bxc6 bxc6 14. Rc1 Bd6 15. Qc2 Qf7 16. f3 Qh5 17. h3 f4 18. exf4 Bxf4 19. Rce1 Rfe8 20. Bc1 Bg3 21. Rd1 Qh4 22. Ne2 Bd6 23. Qxc6 Bf8 24. Qc7 Re7 25. Qg3 Qh5 26. Nf4 Qf7 27. Ba3 Rc7 28. Bxf8 Rxf8 29. Nxe6 Qxe6 30. Qxc7 Nh5 31. Qe5 Qh6 32. Qxd5+ Kh8 33. Rfe1 Nf6 34. Qe6 g6 35. d5 Qg5 36. d6 Qc5+ 37. Qe3 Qc6 38. Qe7 Nd7 39. Qe4 Qc5+ 40. Qd4+ Qxd4+ 41. Rxd4 Rf5 42. Re8+ Nf8 43. d7 Kg7 44. d8=Q Rf6 45. Rxf8 Rxf8 46. Qe7+ Rf7 47. Qe5+ Rf6 48. Rd7+ Kh6 49. Qxf6 a5 50. Qh4# 1-0

[Event "CAN-ch Elementary w"]
[Site "Toronto CAN"]
[Date "1999.03.06"]
[Round "6"]
[White "Tsimakouridze, Elena"]
[Black "Hui, Katrina"]
[Result "1-0"]
[WhiteElo "1210"]
[BlackElo "1071"]
[PlyCount "159"]
[GameId "2160767911805482"]
[EventDate "1999.03.04"]
[EventType "tourn"]
[EventRounds "7"]
[EventCountry "CAN"]

1. e4 e5 2. Nf3 Nc6 3. Bc4 Nf6 4. Nc3 Bb4 5. d3 d6 6. Bg5 Bg4 7. O-O Nd4 8. Re1 O-O 9. Re3 Bxc3 10. bxc3 Nxf3+ 11. Rxf3 Bxf3 12. Qxf3 h6 13. Bh4 g5 14. Bg3 Qe7 15. Re1 Rad8 16. h3 Nd7 17. Qh5 Qf6 18. h4 Kg7 19. Re3 Qg6 20. Qg4 Nf6 21. Qf5 Qxf5 22. exf5 Nd7 23. hxg5 hxg5 24. d4 Rde8 25. d5 Rh8 26. Bb5 Rd8 27. a3 Rh7 28. Kf1 Nf6 29. Bc4 Rdh8 30. Ke2 Rh1 31. f3 Ra1 32. Bd3 Rxa3 33. Be4 Nxe4 34. fxe4 f6 35. Kd3 b5 36. Be1 b4 37. Kc4 bxc3 38. Bxc3 a5 39. Re1 Rb8 40. Rc1 Ra4+ 41. Kd3 c5 42. dxc6 Rc8 43. Rb1 Kf7 44. Rb7+ Ke8 45. Rb6 Kd8 46. Ra6 Ke8 47. Bxa5 Kf8 48. Kc3 Kg7 49. Kb3 Ra1 50. g4 Rc7 51. Kb2 Ra4 52. Kb3 Ra1 53. Kb4 Rb1+ 54. Kc4 Rc8 55. Ra7+ Kh6 56. c7 Rc1 57. c3 Rg1 58. Kd5 Ra1 59. Kxd6 Rd1+ 60. Kc6 Re1 61. Kd7 Rh8 62. Rb7 Rd1+ 63. Kc6 Rc8 64. Rb8 Rxc7+ 65. Kxc7 Rg1 66. c4 Rxg4 67. c5 Rxe4 68. c6 Rc4 69. Kd6 g4 70. Rg8 e4 71. Rxg4 Kh5 72. Rf4 Kg5 73. Rf2 e3 74. Re2 Kf4 75. c7 Kf3 76. Re1 e2 77. Bb6 Kf4 78. Rxe2 Kxf5 79. Rf2+ Rf4 80. Rxf4+ 1-0

[Event "CAN-ch Elementary w"]
[Site "Toronto CAN"]
[Date "1999.03.07"]
[Round "7"]
[White "Goutor, Valentina"]
[Black "Kazakevich, Anastasia"]
[Result "1/2-1/2"]
[WhiteElo "1522"]
[BlackElo "1531"]
[PlyCount "54"]
[GameId "2160767911805484"]
[EventDate "1999.03.04"]
[EventType "tourn"]
[EventRounds "7"]
[EventCountry "CAN"]
[SourceTitle "EXT 2000"]
[Source "ChessBase"]
[SourceDate "1999.11.18"]
[SourceVersion "1"]
[SourceVersionDate "1999.11.18"]
[SourceQuality "1"]

1. e4 d5 2. exd5 Nf6 3. c4 e6 4. dxe6 Bxe6 5. d4 c6 6. Nf3 Bb4+ 7. Bd2 Bxd2+ 8. Nbxd2 O-O 9. Bd3 Bg4 10. O-O Na6 11. h3 Bh5 12. Re1 Re8 13. Qc2 Nb4 14. Qb3 Nxd3 15. Qxd3 Bg6 16. Qb3 Qd7 17. Nf1 Rad8 18. Rad1 Bh5 19. Ng3 Bxf3 20. Rxe8+ Nxe8 21. Qxf3 Nf6 22. Ne4 Nxe4 23. Qxe4 Re8 24. Qg4 Qxg4 25. hxg4 Re2 26. d5 cxd5 27. cxd5 Kf8 1/2-1/2

[Event "CAN-ch Elementary w"]
[Site "Toronto CAN"]
[Date "1999.03.07"]
[Round "7"]
[White "Vallieres-Riendeau, Isabelle"]
[Black "Tsimakouridze, Elena"]
[Result "1-0"]
[WhiteElo "1211"]
[BlackElo "1210"]
[PlyCount "65"]
[GameId "2160767911805486"]
[EventDate "1999.03.04"]
[EventType "tourn"]
[EventRounds "7"]
[EventCountry "CAN"]

1. e4 e5 2. Nf3 Nc6 3. Nc3 Nf6 4. d4 Bd6 5. d5 Ne7 6. Bc4 O-O 7. O-O c6 8. Be3 Ng6 9. Ng5 h6 10. Nf3 Bb4 11. d6 Bxc3 12. bxc3 Nxe4 13. Ne1 Nxc3 14. Qh5 Qh4 15. Qxg6 Kh8 16. Bxf7 b6 17. Bb3 Rf6 18. Qe8+ Kh7 19. Qxe5 Ne4 20. Bc4 Nxd6 21. Bd3+ Kg8 22. Nf3 Rxf3 23. gxf3 Qf6 24. Qg3 Nf7 25. Rfe1 Bb7 26. Bf4 c5 27. Be5 Nxe5 28. Rxe5 Bxf3 29. Rae1 Qf8 30. Qg6 Bg4 31. Qh7+ Kf7 32. Re7+ Kf6 33. Qg6# 1-0

[Event "CAN-ch High School w"]
[Site "Toronto CAN"]
[Date "1999.03.04"]
[Round "1"]
[White "Benggawan, Amanda"]
[Black "Mogilevsky, Olga"]
[Result "1/2-1/2"]
[WhiteElo "1866"]
[BlackElo "1889"]
[PlyCount "68"]
[GameId "2160767911805487"]
[EventDate "1999.03.04"]
[EventType "swiss"]
[EventRounds "7"]
[EventCountry "CAN"]

1. e4 e5 2. Nf3 Nc6 3. Nc3 Nf6 4. d4 exd4 5. Nxd4 Be7 6. Nxc6 dxc6 7. Qxd8+ Bxd8 8. Bf4 O-O 9. O-O-O Ng4 10. Bg3 f5 11. exf5 Bxf5 12. h3 Nf6 13. Bc4+ Kh8 14. a3 a6 15. Rhe1 b5 16. Be6 Bg6 17. Be5 Re8 18. Bd7 Nxd7 19. Rxd7 Bf6 20. f4 Bxe5 21. Rxe5 Rxe5 22. fxe5 Rc8 23. Kd2 Kg8 24. Ne2 Bf5 25. Rd4 Re8 26. g4 Bg6 27. Nf4 Rxe5 28. Nxg6 hxg6 29. Rd8+ Kf7 30. Ra8 Rd5+ 31. Ke2 Rc5 32. Kd2 Rd5+ 33. Ke2 Rc5 34. Kd2 Rd5+ 1/2-1/2

[Event "CAN-ch High School w"]
[Site "Toronto CAN"]
[Date "1999.03.04"]
[Round "1"]
[White "Chichkina, Olya"]
[Black "Khaziyeva, Dinara"]
[Result "1/2-1/2"]
[WhiteElo "1909"]
[BlackElo "1800"]
[PlyCount "54"]
[GameId "2160767911805488"]
[EventDate "1999.03.04"]
[EventType "swiss"]
[EventRounds "7"]
[EventCountry "CAN"]
[SourceTitle "EXT 2000"]
[Source "ChessBase"]
[SourceDate "1999.11.18"]
[SourceVersion "1"]
[SourceVersionDate "1999.11.18"]
[SourceQuality "1"]

1. e4 d6 2. d4 e5 3. dxe5 dxe5 4. Qxd8+ Kxd8 5. Nf3 f6 6. Bc4 c6 7. a4 Kc7 8. Be3 b6 9. Nbd2 Nd7 10. O-O a5 11. c3 Ba6 12. Rfd1 Bc5 13. Bxc5 Nxc5 14. Bxa6 Nxa6 15. Nb3 Ne7 16. Kf1 Rhd8 17. Ke2 Ng6 18. g3 Nf8 19. Ne1 Ne6 20. Nd3 Rd7 21. Rd2 Rad8 22. Rad1 Rd6 23. Ke3 g5 24. f3 R6d7 25. Ke2 Rd6 26. Ke3 R6d7 27. Ke2 Rd6 1/2-1/2

[Event "CAN-ch High School w"]
[Site "Toronto CAN"]
[Date "1999.03.04"]
[Round "1"]
[White "Chu, Stefanie"]
[Black "Lavrovsky, Alexandra"]
[Result "1-0"]
[WhiteElo "2050"]
[BlackElo "1550"]
[PlyCount "85"]
[GameId "2160767911805489"]
[EventDate "1999.03.04"]
[EventType "swiss"]
[EventRounds "7"]
[EventCountry "CAN"]

1. e4 c5 2. Nf3 d6 3. d4 cxd4 4. Qxd4 a6 5. c4 Nc6 6. Qd2 Nf6 7. Nc3 Bg4 8. Be2 g6 9. b3 Bg7 10. Bb2 O-O 11. O-O Qd7 12. Rad1 Rfd8 13. Rfe1 Ne8 14. Nd5 Rab8 15. Bxg7 Nxg7 16. h3 Bxf3 17. Bxf3 Ne5 18. Be2 Ne6 19. f4 Nc6 20. f5 Ned4 21. f6 Qe6 22. Bg4 Qe5 23. fxe7 Re8 24. Bd7 Rxe7 25. Nxe7+ Qxe7 26. Bxc6 Nxc6 27. Qxd6 Qg5 28. Qd5 Qh4 29. Rf1 Rf8 30. Rf3 Nb4 31. Qxb7 Nxa2 32. Ra1 Nb4 33. Qxb4 Qxe4 34. Rxa6 Qd4+ 35. Kh2 Qe5+ 36. Kh1 Rd8 37. Rf1 Qe2 38. Raf6 Rd1 39. Qb8+ Kg7 40. Rxf7+ Kh6 41. Qf4+ g5 42. Qf6+ Kh5 43. Rxh7# 1-0

[Event "CAN-ch High School w"]
[Site "Toronto CAN"]
[Date "1999.03.04"]
[Round "1"]
[White "Rodina, Nataliya"]
[Black "Dobrishman, Liat"]
[Result "1-0"]
[WhiteElo "1710"]
[BlackElo "1914"]
[PlyCount "129"]
[GameId "2160767911805490"]
[EventDate "1999.03.04"]
[EventType "swiss"]
[EventRounds "7"]
[EventCountry "CAN"]

1. e4 d5 2. exd5 Nf6 3. d4 Nxd5 4. Bc4 Nb6 5. Bb3 Nc6 6. Nf3 Bg4 7. c3 e5 8. dxe5 Qxd1+ 9. Bxd1 O-O-O 10. Nbd2 Nd7 11. O-O Ndxe5 12. Nxe5 Nxe5 13. Bxg4+ Nxg4 14. Nf3 Bc5 15. h3 Nxf2 16. Nd4 Nd3 17. Rxf7 Rhe8 18. Bg5 Rd7 19. Raf1 h6 20. Rxd7 Kxd7 21. Rf7+ Kc8 22. Bf4 Nxf4 23. Rxf4 Re1+ 24. Rf1 Re4 25. Rd1 Re2 26. Kf1 Rxb2 27. Ne6 Bd6 28. Nxg7 Rxa2 29. Nf5 Bc5 30. Rd5 b6 31. Nxh6 Rf2+ 32. Ke1 Rxg2 33. h4 a5 34. Nf5 a4 35. Rd2 Rg1+ 36. Ke2 a3 37. Kd3 Rg8 38. Kc2 Rg4 39. Kb3 Rf4 40. Nd4 Rxh4 41. Nb5 Rh3 42. Rc2 Kb7 43. Nxa3 Bxa3 44. Kxa3 Ka6 45. Kb3 Kb5 46. Rd2 c5 47. Rd5 Rh1 48. Re5 Rb1+ 49. Kc2 Ra1 50. Kb2 Ra8 51. Kb3 Rd8 52. Rf5 Kc6 53. Rf6+ Rd6 54. Rxd6+ Kxd6 55. Ka4 Kd5 56. Kb5 Ke4 57. Kxb6 c4 58. Kc5 Kd3 59. Kb4 Ke4 60. Kxc4 Ke5 61. Kc5 Ke6 62. Kc6 Ke7 63. c4 Kd8 64. Kb7 Kd7 65. c5 1-0

[Event "CAN-ch High School w"]
[Site "Toronto CAN"]
[Date "1999.03.04"]
[Round "2"]
[White "Chichkina, Olya"]
[Black "Chu, Stefanie"]
[Result "1/2-1/2"]
[WhiteElo "1909"]
[BlackElo "2050"]
[PlyCount "80"]
[GameId "2160767911805491"]
[EventDate "1999.03.04"]
[EventType "swiss"]
[EventRounds "7"]
[EventCountry "CAN"]
[SourceTitle "EXT 2000"]
[Source "ChessBase"]
[SourceDate "1999.11.18"]
[SourceVersion "1"]
[SourceVersionDate "1999.11.18"]
[SourceQuality "1"]

1. e4 c5 2. f4 Nc6 3. Nf3 g6 4. c3 Bg7 5. Bb5 d6 6. Bxc6+ bxc6 7. d3 Rb8 8. O-O Nh6 9. Qc2 O-O 10. c4 f5 11. e5 Nf7 12. Re1 Qc7 13. Qe2 d5 14. b3 d4 15. Nbd2 Nd8 16. Ng5 Ne6 17. Ndf3 Bh6 18. Nxe6 Bxe6 19. Qf2 Bc8 20. Qh4 Bg7 21. Ng5 h6 22. Nf3 Kh7 23. Qg3 Bd7 24. Qh4 Bc8 25. Qg3 Bd7 26. Kf2 e6 27. Rh1 Qa5 28. Bb2 Qd8 29. Ke2 a5 30. Nd2 Rg8 31. Rhb1 Bf8 32. Nf3 Be7 33. Bc1 Rg7 34. Bd2 Rg8 35. Qe1 Ra8 36. Qf2 Rg7 37. Qe1 Rg8 38. Rb2 Rg7 39. Rab1 Rg8 40. Ra1 Rg7 1/2-1/2

[Event "CAN-ch High School w"]
[Site "Toronto CAN"]
[Date "1999.03.04"]
[Round "2"]
[White "Khaziyeva, Dinara"]
[Black "Dobrishman, Liat"]
[Result "1/2-1/2"]
[WhiteElo "1800"]
[BlackElo "1914"]
[PlyCount "114"]
[GameId "2160767911805492"]
[EventDate "1999.03.04"]
[EventType "swiss"]
[EventRounds "7"]
[EventCountry "CAN"]

1. e4 d5 2. exd5 Nf6 3. Bb5+ Bd7 4. Be2 Nxd5 5. Nf3 Nc6 6. O-O g6 7. d4 Bg7 8. c3 O-O 9. Nbd2 Bf5 10. Re1 Re8 11. Nc4 Qd7 12. Bd3 Rad8 13. h3 a6 14. Nh4 Bxd3 15. Qxd3 e5 16. dxe5 Nxe5 17. Nxe5 Bxe5 18. Nf3 Bf6 19. Bh6 Qc6 20. Rxe8+ Qxe8 21. Re1 Qa4 22. Qe2 Nf4 23. Qe3 Ne6 24. b3 Qc6 25. Ne5 Qc5 26. Qxc5 Nxc5 27. c4 Re8 28. Nf3 Rxe1+ 29. Nxe1 Ne4 30. Be3 Kf8 31. Kf1 Ke7 32. Ke2 Nc3+ 33. Kd3 Nxa2 34. Bd2 c5 35. f3 Kd6 36. Kc2 b6 37. Nd3 a5 38. Bf4+ Kc6 39. Bd2 Bd4 40. Nf4 Nb4+ 41. Bxb4 axb4 42. Nd5 b5 43. Kd3 bxc4+ 44. Kxc4 Kd6 45. Nf4 f5 46. Nd3 g5 47. Nxb4 Be3 48. Nc2 Bc1 49. Ne1 Be3 50. Nd3 h5 51. Nb2 Kc6 52. g4 fxg4 53. fxg4 hxg4 54. hxg4 Kd6 55. Nd3 Bg1 56. Ne1 Be3 57. Nd3 Bf4 1/2-1/2

[Event "CAN-ch High School w"]
[Site "Toronto CAN"]
[Date "1999.03.04"]
[Round "2"]
[White "Lavrovsky, Alexandra"]
[Black "Benggawan, Amanda"]
[Result "0-1"]
[WhiteElo "1550"]
[BlackElo "1866"]
[PlyCount "50"]
[GameId "2160767911805493"]
[EventDate "1999.03.04"]
[EventType "swiss"]
[EventRounds "7"]
[EventCountry "CAN"]

1. e4 c5 2. Nf3 e6 3. d4 cxd4 4. Nxd4 a6 5. c4 Nf6 6. Nc3 Bb4 7. f3 Bxc3+ 8. bxc3 Nc6 9. Be2 O-O 10. Be3 Qc7 11. O-O d5 12. exd5 exd5 13. c5 Qe7 14. Bf2 Re8 15. Re1 Qxc5 16. Nb5 Qe7 17. Bd3 Qd8 18. Rxe8+ Nxe8 19. Nd4 Ne5 20. Bb1 Nf6 21. Qc2 Ng6 22. Qb3 Qc7 23. Nf5 Qf4 24. Qc2 Bxf5 25. Qxf5 Qc1+ 0-1

[Event "CAN-ch High School w"]
[Site "Toronto CAN"]
[Date "1999.03.04"]
[Round "2"]
[White "Mogilevsky, Olga"]
[Black "Rodina, Nataliya"]
[Result "0-1"]
[WhiteElo "1889"]
[BlackElo "1710"]
[PlyCount "118"]
[GameId "2160767911805494"]
[EventDate "1999.03.04"]
[EventType "swiss"]
[EventRounds "7"]
[EventCountry "CAN"]

1. e4 c5 2. Nf3 Nc6 3. d4 cxd4 4. Nxd4 Nf6 5. Nc3 e5 6. Ndb5 d6 7. Bg5 a6 8. Na3 b5 9. Nd5 Be7 10. Bxf6 Bxf6 11. Nxf6+ Qxf6 12. c3 O-O 13. Bd3 Qg6 14. O-O Kh8 15. f4 exf4 16. e5 Qe6 17. Rxf4 dxe5 18. Rh4 g6 19. Qd2 Qf6 20. Qh6 Qg7 21. Qg5 f5 22. Rf1 e4 23. Bb1 Be6 24. Nc2 Ne5 25. Nd4 Bc4 26. Rd1 Nf7 27. Qd2 Qf6 28. Rf4 Qd6 29. b3 Bd3 30. Bxd3 exd3 31. Rf2 Ne5 32. h3 Rfe8 33. Re1 Qd5 34. Kf1 Rad8 35. Nf3 Nxf3 36. Rxe8+ Rxe8 37. Rxf3 Rd8 38. Re3 Qd6 39. Kg1 Qc5 40. Kf1 Qd6 41. Rf3 Qd5 42. Re3 f4 43. Rf3 g5 44. h4 h6 45. hxg5 hxg5 46. Ke1 Re8+ 47. Kf1 Rd8 48. Ke1 Qe4+ 49. Kd1 Kg7 50. Qe1 Qxe1+ 51. Kxe1 Re8+ 52. Kd1 Re3 53. c4 bxc4 54. bxc4 Kf6 55. Kd2 Re2+ 56. Kxd3 Rxg2 57. a3 Rg3 58. Ke2 Rxf3 59. Kxf3 Ke5 0-1

[Event "CAN-ch High School w"]
[Site "Toronto CAN"]
[Date "1999.03.05"]
[Round "3"]
[White "Benggawan, Amanda"]
[Black "Chichkina, Olya"]
[Result "1/2-1/2"]
[WhiteElo "1866"]
[BlackElo "1909"]
[PlyCount "55"]
[GameId "2160767911805495"]
[EventDate "1999.03.04"]
[EventType "swiss"]
[EventRounds "7"]
[EventCountry "CAN"]
[SourceTitle "EXT 2000"]
[Source "ChessBase"]
[SourceDate "1999.11.18"]
[SourceVersion "1"]
[SourceVersionDate "1999.11.18"]
[SourceQuality "1"]

1. e4 e6 2. d4 d5 3. Nd2 c5 4. c3 Nc6 5. Ne2 cxd4 6. Nxd4 Nxd4 7. cxd4 dxe4 8. Nxe4 Bd7 9. Be2 Bb4+ 10. Nc3 Nf6 11. O-O Bc6 12. Bf3 Rc8 13. Bg5 Be7 14. Re1 O-O 15. Bxc6 Rxc6 16. Qd2 h6 17. Bf4 a6 18. Rad1 Bd6 19. Bxd6 Rxd6 20. Re3 Qd7 21. Rg3 Kh8 22. Rd3 Rd8 23. f4 Ng8 24. Ne4 Rd5 25. Nc3 Rd6 26. Ne4 Rd5 27. Nc3 Rd6 28. Ne4 1/2-1/2

[Event "CAN-ch High School w"]
[Site "Toronto CAN"]
[Date "1999.03.05"]
[Round "3"]
[White "Chu, Stefanie"]
[Black "Khaziyeva, Dinara"]
[Result "1/2-1/2"]
[WhiteElo "2050"]
[BlackElo "1800"]
[PlyCount "69"]
[GameId "2160767911805496"]
[EventDate "1999.03.04"]
[EventType "swiss"]
[EventRounds "7"]
[EventCountry "CAN"]

1. e4 c5 2. Nf3 Nf6 3. Nc3 d5 4. exd5 Nxd5 5. Bb5+ Bd7 6. Bxd7+ Qxd7 7. O-O Nxc3 8. dxc3 Qxd1 9. Rxd1 Nc6 10. Bf4 f6 11. Nd2 e5 12. Be3 Rd8 13. Nb3 b6 14. Rxd8+ Kxd8 15. a4 a5 16. Nd2 Kc7 17. Nc4 Be7 18. Ra3 f5 19. f3 g5 20. Ra1 h5 21. Rd1 Rd8 22. Rxd8 Bxd8 23. h3 Kd7 24. Kf1 Ke6 25. Nd2 Na7 26. c4 Nc8 27. c3 Nd6 28. Ke2 e4 29. fxe4 Nxe4 30. Nxe4 fxe4 31. g4 hxg4 32. hxg4 Kf6 33. Kf2 Bc7 34. Ke2 Bf4 35. Kf2 1/2-1/2

[Event "CAN-ch High School w"]
[Site "Toronto CAN"]
[Date "1999.03.05"]
[Round "3"]
[White "Dobrishman, Liat"]
[Black "Mogilevsky, Olga"]
[Result "0-1"]
[WhiteElo "1914"]
[BlackElo "1889"]
[PlyCount "74"]
[GameId "2160767911805497"]
[EventDate "1999.03.04"]
[EventType "swiss"]
[EventRounds "7"]
[EventCountry "CAN"]

1. d4 Nf6 2. c4 e6 3. Nf3 Bb4+ 4. Bd2 Qe7 5. a3 Bxd2+ 6. Nbxd2 b6 7. e3 Bb7 8. g3 O-O 9. Bg2 d6 10. O-O Nbd7 11. Qc2 e5 12. Rfe1 g6 13. dxe5 Nxe5 14. Nxe5 Bxg2 15. Nxg6 fxg6 16. Kxg2 Ng4 17. Re2 Rxf2+ 18. Kg1 Rxe2 19. Qd3 Qxe3+ 20. Qxe3 Rxe3 21. Rf1 Nxh2 22. Rf4 Rae8 23. c5 Re1+ 24. Kxh2 R1e2+ 25. Kh3 Rxd2 26. cxb6 axb6 27. Rc4 c5 28. b4 Rd4 29. Rc3 cxb4 30. axb4 Rxb4 31. Rc6 d5 32. Rd6 d4 33. Rd5 Re3 34. Rd8+ Kg7 35. Rd7+ Kh6 36. Kh4 d3+ 37. g4 g5# 0-1

[Event "CAN-ch High School w"]
[Site "Toronto CAN"]
[Date "1999.03.05"]
[Round "3"]
[White "Rodina, Nataliya"]
[Black "Lavrovsky, Alexandra"]
[Result "1-0"]
[WhiteElo "1710"]
[BlackElo "1550"]
[PlyCount "133"]
[GameId "2160767911805498"]
[EventDate "1999.03.04"]
[EventType "swiss"]
[EventRounds "7"]
[EventCountry "CAN"]

1. e4 c5 2. Nf3 e6 3. d4 cxd4 4. Nxd4 a6 5. c4 Nc6 6. a3 Bc5 7. Nxc6 dxc6 8. Qxd8+ Kxd8 9. Nc3 e5 10. Be2 Be6 11. O-O Ke7 12. Re1 f6 13. Bf1 Kf7 14. Be3 Bxe3 15. Rxe3 Rd8 16. c5 Rd2 17. Re2 Rd4 18. Re3 Ne7 19. Rd1 Bb3 20. Rc1 Be6 21. Rd3 Rhd8 22. Rcd1 Bb3 23. Rxd4 exd4 24. Rd3 dxc3 25. Rxc3 Be6 26. f4 f5 27. e5 Rd2 28. b4 Rb2 29. Rd3 Rb3 30. g3 Rxd3 31. Bxd3 Nd5 32. Kf2 Nc3 33. Ke3 Nb5 34. Bxb5 cxb5 35. Kd4 Bc4 36. c6 bxc6 37. Kc5 Bd5 38. Kb6 h6 39. Kxa6 g5 40. Kb6 Ke6 41. Kc5 Be4 42. Kd4 Kd7 43. Kc5 Kc7 44. Kd4 Kb6 45. e6 Kc7 46. Ke5 gxf4 47. gxf4 Kd8 48. Kf6 Ke8 49. h4 h5 50. Kg5 Ke7 51. Kxh5 Kxe6 52. Kg6 Bf3 53. h5 Bxh5+ 54. Kxh5 Kd5 55. Kg6 Ke6 56. Kg5 Kd5 57. Kxf5 Kc4 58. Ke4 Kb3 59. f5 Kxa3 60. f6 Kxb4 61. f7 Kb3 62. f8=Q b4 63. Kd4 Ka3 64. Kc4 Ka2 65. Qxb4 c5 66. Qb5 Ka1 67. Kc3 1-0

[Event "CAN-ch High School w"]
[Site "Toronto CAN"]
[Date "1999.03.05"]
[Round "4"]
[White "Chichkina, Olya"]
[Black "Rodina, Nataliya"]
[Result "1-0"]
[WhiteElo "1909"]
[BlackElo "1710"]
[PlyCount "131"]
[GameId "2160767911805499"]
[EventDate "1999.03.04"]
[EventType "swiss"]
[EventRounds "7"]
[EventCountry "CAN"]
[SourceTitle "EXT 2000"]
[Source "ChessBase"]
[SourceDate "1999.11.18"]
[SourceVersion "1"]
[SourceVersionDate "1999.11.18"]
[SourceQuality "1"]

1. e4 c5 2. f4 Nc6 3. b3 d6 4. Bb5 Bd7 5. Nf3 g6 6. Bb2 Nf6 7. Bxc6 Bxc6 8. e5 dxe5 9. fxe5 Nd5 10. O-O Bg7 11. Nc3 O-O 12. Qe1 Nxc3 13. Bxc3 Bd5 14. Qh4 e6 15. Qh3 Qc7 16. Rae1 Rad8 17. Ng5 h6 18. Ne4 Bxe4 19. Rxe4 Qc6 20. d3 Qd5 21. Rfe1 Rc8 22. Bd2 h5 23. Bg5 Rc7 24. Qe3 Re8 25. g4 hxg4 26. Rxg4 Kf8 27. Rh4 Rec8 28. c4 Qxe5 29. Qxe5 Bxe5 30. Rxe5 Ke8 31. Rh8+ Kd7 32. Rxc8 Rxc8 33. Bf6 Kc6 34. Kf2 Rc7 35. Re3 Rd7 36. Kf3 a6 37. Ke2 b5 38. h3 a5 39. Bc3 b4 40. Bf6 Ra7 41. d4 a4 42. dxc5 axb3 43. axb3 Kxc5 44. Re5+ Kd6 45. Rb5 Ra2+ 46. Kf3 Rd2 47. Ke3 Rd1 48. Ke2 Rh1 49. h4 Rh2+ 50. Kf1 Rh3 51. Be5+ Kc6 52. Rxb4 Rxh4 53. Rb8 Re4 54. Bh2 f5 55. Rc8+ Kd7 56. Rg8 Rh4 57. Rg7+ Kc6 58. Rc7+ Kb6 59. c5+ Kb5 60. Bd6 Rh1+ 61. Ke2 g5 62. Rb7+ Kc6 63. Rb6+ Kd7 64. Be5 Rh4 65. c6+ Kc8 66. Rb8# 1-0

[Event "CAN-ch High School w"]
[Site "Toronto CAN"]
[Date "1999.03.05"]
[Round "4"]
[White "Chu, Stefanie"]
[Black "Benggawan, Amanda"]
[Result "1-0"]
[WhiteElo "2060"]
[BlackElo "1866"]
[PlyCount "55"]
[GameId "2160767911805500"]
[EventDate "1999.03.04"]
[EventType "swiss"]
[EventRounds "7"]
[EventCountry "CAN"]

1. e4 c5 2. Nf3 e6 3. d4 cxd4 4. Nxd4 a6 5. Bd3 Qc7 6. O-O Nf6 7. c4 Nc6 8. Nxc6 dxc6 9. Nc3 Bc5 10. Qe2 e5 11. a3 O-O 12. Kh1 Be6 13. f4 Bd4 14. f5 Bd7 15. g4 Kh8 16. g5 Ne8 17. Qh5 Qd6 18. Rf3 g6 19. Qh4 Nc7 20. Ne2 Bb6 21. Bd2 Rad8 22. Bc3 Kg8 23. Raf1 Bc8 24. Qh6 Rde8 25. Rf4 f6 26. fxg6 hxg6 27. Qxg6+ Kh8 28. Rh4# 1-0

[Event "CAN-ch High School w"]
[Site "Toronto CAN"]
[Date "1999.03.05"]
[Round "4"]
[White "Khaziyeva, Dinara"]
[Black "Mogilevsky, Olga"]
[Result "1-0"]
[WhiteElo "1800"]
[BlackElo "1889"]
[PlyCount "95"]
[GameId "2160767911805501"]
[EventDate "1999.03.04"]
[EventType "swiss"]
[EventRounds "7"]
[EventCountry "CAN"]

1. e4 e5 2. Nf3 Nc6 3. Bb5 a6 4. Bxc6 dxc6 5. d4 exd4 6. Qxd4 Qxd4 7. Nxd4 c5 8. Ne2 Bd7 9. Be3 O-O-O 10. Nd2 Nf6 11. f3 Be7 12. O-O-O Bc6 13. Rhe1 Nd7 14. g3 Nb6 15. Nb3 Nd7 16. Na5 Nb8 17. Nc3 Rxd1+ 18. Rxd1 Rd8 19. Rxd8+ Kxd8 20. Nxc6+ Nxc6 21. f4 Nd4 22. Nd5 Bf8 23. f5 Nf3 24. h3 c6 25. Nb6 Nd4 26. Bxd4 cxd4 27. Kd2 Kc7 28. Nc4 Bd6 29. e5 Be7 30. Kd3 c5 31. Ke4 b5 32. Nd2 Kc6 33. Nf3 a5 34. g4 a4 35. b3 axb3 36. axb3 h6 37. h4 Bd8 38. g5 hxg5 39. hxg5 Be7 40. f6 gxf6 41. gxf6 Bf8 42. Ng5 d3 43. cxd3 c4 44. dxc4 bxc4 45. bxc4 Kc5 46. Nxf7 Kxc4 47. e6 Kc5 48. e7 1-0